[Event "ESP-ch U12"]
[Site "Granada"]
[Date "2016.07.04"]
[Round "2"]
[White "Perez Jimenez, Jose Manuel"]
[Black "Pedchenko Bondar, Alexandr"]
[Result "0-1"]
[WhiteElo "1422"]
[BlackElo "1716"]
[PlyCount "42"]
[EventDate "2016.07.04"]
[EventType "swiss"]
[EventRounds "9"]
[EventCountry "ESP"]
[SourceTitle "EXT 2024"]
[Source "ChessBase"]
[SourceDate "2023.10.10"]
[SourceVersion "1"]
[SourceVersionDate "2023.10.10"]
[SourceQuality "1"]

1. e4 g6 2. d4 Bg7 3. c4 d6 4. f4 Nf6 5. Nc3 Nc6 6. Nf3 0-0 7. Bd3 Bg4 8. Bc2 Bxf3 9. gxf3 Nh5 10. d5 Nd4 11. Be3 e5 12. fxe5 dxe5 13. Bxd4 exd4 14. Ne2 Qh4+ 15. Kf1 Bf6 16. Kg2 Be5 17. Qg1 Qg5+ 18. Kh3 Qd2 19. Qd1 Qxe2 20. Qxe2 Nf4+ 21. Kg4 Nxe2 0-1

[Event "Almeria Suqui U1600 op"]
[Site "Almeria"]
[Date "2015.07.26"]
[Round "9.1"]
[White "Perez Jimenez, Jose Manuel"]
[Black "El Allaoui, Adil"]
[Result "0-1"]
[WhiteElo "1278"]
[BlackElo "1054"]
[PlyCount "68"]
[EventDate "2015.07.24"]
[EventType "tourn"]
[EventRounds "9"]
[EventCountry "ESP"]
[SourceTitle "EXT 2024"]
[Source "ChessBase"]
[SourceDate "2023.10.10"]
[SourceVersion "1"]
[SourceVersionDate "2023.10.10"]
[SourceQuality "1"]

1. e4 e5 2. Nf3 Nc6 3. Bc4 h6 4. Nc3 Nf6 5. d3 Bc5 6. Be3 Bb6 7. 0-0 d6 8. Qe2 Bg4 9. Rfd1 0-0 10. h3 Be6 11. Bxe6 fxe6 12. d4 Qe7 13. dxe5 dxe5 14. Bxb6 axb6 15. a3 Nh5 16. Nxe5 Nf4 17. Nxc6 Nxe2+ 18. Kf1 Ng3+ 19. Kg1 bxc6 20. fxg3 Qc5+ 21. Kh2 Rfd8 22. Rf1 Rd2 23. h4 Rxc2 24. Rad1 Rxb2 25. Rd7 Qxc3 26. Kh3 Rb3 27. Rf3 Qc4 28. Rff7 Rxg3+ 29. Kxg3 Rxa3+ 30. Kh2 Qc3 31. h5 Qg3+ 32. Kg1 Ra1+ 33. Rf1 Rxf1+ 34. Kxf1 Qf4+ 0-1